书目信息 |
| 题名: |
美国大学生英语演讲点评
|
|
| 作者: | 蔡基刚 编著 | |
| 分册: | ||
| 出版信息: | 上海 上海交通大学出版社 1998.2 |
|
| 页数: | 290页 | |
| 开本: | 32开 | |
| 丛书名: | ||
| 单 册: | ||
| 中图分类: | H311.9 | |
| 科图分类: | ||
| 主题词: | 英语--演讲 | |
| 电子资源: | ||
| ISBN: | 7-313-01987-4 | |
| 000 | 00576nam0 2200193 45 | |
| 001 | 0005171692 | |
| 005 | 20031219104045.3 | |
| 010 | @a7-313-01987-4@dCNY12.00 | |
| 100 | @a20000517d1998 km y0chiy0120 ea | |
| 101 | 0 | @achi |
| 105 | @a z 000yy | |
| 200 | 1 | @a美国大学生英语演讲点评@AMei Guo Da Xue Sheng Ying Yu Yan Jiang Dian Ping@f蔡基刚编著@FCai Ji Gang Bian Zhu |
| 210 | @a上海@c上海交通大学出版社@d1998.2 | |
| 215 | @a290页@d32开 | |
| 606 | 0 | @a英语@x演讲 |
| 690 | @aH311.9@v1 | |
| 701 | 0 | @a蔡基刚@4编著 |
| 801 | @aCN@bTSTC@c20000517 | |
| 905 | @b288500@dH311.9@e32@f1 | |
| 美国大学生英语演讲点评/蔡基刚编著.-上海:上海交通大学出版社,1998.2 |
| 290页;32开 |
| ISBN 7-313-01987-4:CNY12.00 |
| ● |
| 相关链接 |
|
|
|
|
正题名:美国大学生英语演讲点评
索取号:H311.9/32
 
预约/预借
| 序号 | 登录号 | 条形码 | 馆藏地/架位号 | 状态 | 备注 |
| 1 | 0288500 | 002885006 | 第四借阅区/ [索取号:H311.9/32] | 在馆 |